Statistics for Largest Metropolitan Areas by Population in Europe

Click here to take the quiz!

General Stats

  • This quiz has been taken 2,674 times
    (1,373 since last reset)
  • The average score is 16 of 20

Answer Stats

PopulationMetropolitan Area% Correct
14.4 milLondon
99%
11.2 milParis
99%
16.9 milMoscow
98%
6.25 milMadrid
97%
4.50 milBerlin
96%
3.60 milRome
96%
4.65 milBarcelona
94%
5.15 milMilan
91%
14.3 milIstanbul
89%
5.45 milSaint Petersburg
87%
3.45 milAthens
84%
3.38 milKiev
78%
3.00 milManchester
78%
4.25 milNaples
77%
2.75 milHamburg
75%
3.13 milBirmingham
71%
4.85 milCologne / Düsseldorf
71%
3.13 milFrankfurt
67%
3.10 milRotterdam / Hague
48%
5.60 milThe Ruhr
9%

Score Distribution

Percentile by Number Answered

Percent of People with Each Score

Your Score History

You have not taken this quiz since the last reset